LEADER 01052nam a2200313 i 4500 001 991001227609707536 005 20020507185613.0 008 930504s1991 us ||| | eng 020 $a3764334444 035 $ab1081842x-39ule_inst 035 $aLE01309002$9ExL 040 $aDip.to Matematica$beng 082 0 $a511.3 084 $aAMS 01-06 084 $aAMS 01-XX 084 $aAMS 03-06 084 $aQA9.P43 100 1 $aDrucker, Thomas$0536401 245 10$aPerspectives on the history of mathematical logic /$ced. Thomas Drucker 260 $aBoston :$bBirkhäuser,$c1991 300 $a195 p. ;$c24 cm. 650 4$aMathematical logic-history 650 4$aSymbolic logic-history 907 $a.b1081842x$b02-04-14$c28-06-02 912 $a991001227609707536 945 $aLE013 01-XX DRU11 (1991)$g1$i2013000147307$lle013$o-$pE0.00$q-$rl$s- $t0$u0$v0$w0$x0$y.i1092520x$z28-06-02 996 $aPerspectives on the history of mathematical logic$9925087 997 $aUNISALENTO 998 $ale013$b01-01-93$cm$da $e-$feng$gus $h0$i1